01622cam a22003977a 4500003000500000005001700005008004100022010001100063011001100074020001500085035001100100040000900111082002400120110005900144245023800203260003600441300005000477490003200527590004100559590004100600590004100641590004200682650003200724650003000756650001600786650003400802650002600836650002000862650003100882830003900913901000700952942001000959949008400969999001901053952015201072CHAP20220817044414.0101203s2005 th a r 00010 eng d a100057 a101029 a9746802151 a111715 cCHAP04a628.1bF21y 2007/102 aFAO. Oficina Regional para Asia y el Pacífico93964114aProceedings of the International Forum on Water Resources Management and Irrigation Modernization in Shanxi Province, China, Taiyvan and Yuncheng, Shanxi, China, 22-24 November 2006c/por FAO. Regional Office for Asia and the Pacific aBangkok, Thailand :bFAO,c2006 avi, 245 p. :bilus., cuadros, gráfs., mapas 0aRAP. Publicationv; 2007/10 aBATCH-UPDb10c20130110lUCH01h0852 aBATCH-UPDb10c20130410lUCH01h0524 aBATCH-UPDb10c20130914lUCH01h0029 aCONVERSIONb10c20130109lUCH01h135514aAgriculturaxRiesgos.9178514aAguaxConservacion.9231914aModernidad.14aOrdenación de aguas.98342214aRecursos hidraulicos.14aRiesgos.99740314aSistemas de riego.9106772 0aRAP. Publicationv; 2007/10994680 aBK cLIBRO a628.1 F21y 2007/10bBCcFAOd33724002074561eFAO1gDonaciØnh113870i111715sb c100057d100057 00104053708FAOaBCbBCcPP_FAOd2019-12-31eDonacionfLIBROi127l0o628.1 F21y 2007/10p33724002074561r2019-12-31 00:00:00w2019-12-31yLIBRO